书目信息 |
| 题名: |
洗手间
|
|
| 作者: | 哈德森, 著 | |
| 分册: | ||
| 出版信息: | 武汉 华中科技大学出版社 2010.06 |
|
| 页数: | 192页 | |
| 开本: | 25×25cm | |
| 丛书名: | ||
| 单 册: | ||
| 中图分类: | TU767-64 | |
| 科图分类: | ||
| 主题词: | 洗手间--xi shou jian--室内装修--建筑设计--图集 | |
| 电子资源: | ||
| ISBN: | 978-7-5609-6061-6 | |
| 000 | 00858nam0 2200241 450 | |
| 001 | 012011793379 | |
| 005 | 20110608144115.84 | |
| 010 | @a978-7-5609-6061-6@b精装@dCNY198.00 | |
| 100 | @a20110608d2010 em y0chiy0120 ea | |
| 101 | 0 | @achi |
| 102 | @aCN@b420000 | |
| 105 | @aa z 000yy | |
| 106 | @ar | |
| 200 | 1 | @a洗手间@Axi shou jian@e现代风格设计@f(英) 詹妮弗·哈德森著@F(ying)zhan ni fu·ha de sen zhu |
| 210 | @a武汉@c华中科技大学出版社@d2010.06 | |
| 215 | @a192页@c图@d25×25cm | |
| 330 | @a本书中洗手间的样例皆是精心设计,并有着雄厚资金作支持,旨在内部观念统筹为业主提供综合精良的设计方案。 | |
| 517 | 1 | @a现代风格设计@Axian dai feng ge she ji |
| 606 | 0 | @a洗手间@Axi shou jian@x室内装修@x建筑设计@j图集 |
| 690 | @aTU767-64@v4 | |
| 701 | 1 | @a哈德森,@Aha de sen@b詹妮弗@4著 |
| 801 | 0 | @aCN@bQSSK@c20110608 |
| 905 | @b793574@dTU767-64@eH02@f1 | |
| 洗手间:现代风格设计/(英) 詹妮弗·哈德森著.-武汉:华中科技大学出版社,2010.06 |
| 192页:图;25×25cm |
| ISBN 978-7-5609-6061-6(精装):CNY198.00 |
| 本书中洗手间的样例皆是精心设计,并有着雄厚资金作支持,旨在内部观念统筹为业主提供综合精良的设计方案。 |
| ● |
| 相关链接 |
|
|
|
正题名:洗手间
索取号:TU767-64/H02
 
预约/预借
| 序号 | 登录号 | 条形码 | 馆藏地/架位号 | 状态 | 备注 |
| 1 | 793574 | 207935742 | 建筑库201/201建筑库 77排2列4层/ [索取号:TU767-64/H02] | 在馆 |